A web for everyone. Designing accessible user experiences.

Salvato in:
Dettagli Bibliografici
Autori principali: Horton, Sarah (Autore), Quesenbery, Whitney (Autore)
Natura: Sconosciuto
Lingua:inglese
Pubblicazione: Brooklyn, New York: Rosenfeld Media, 2013.
Soggetti:
Tags: Aggiungi Tag
Nessun Tag, puoi essere il primo ad aggiungerne!!

MARC

LEADER 00000 a2200000 4500
003 CL-VaPUC
005 20231108121937.0
008 231020t2013 ||||| |||| 00| 0 eng d
999 |c 441980  |d 441978 
020 |a 978-1-933820-97-2 
040 |c Pontificia Universidad Católica de Valparaíso 
082 |2 22  |a 005.438 HOR 2013 
100 |a Horton, Sarah  |9 485412  |e author 
245 |a A web for everyone.  |b Designing accessible user experiences.  
260 |a Brooklyn, New York:   |b Rosenfeld Media,  |c 2013. 
300 |a 270 páginas.  
583 |k GC  |c 20231020 
650 0 |9 885158  |a Experiencia de usuario  |x Sitios web  |v Diseño inclusivo   |x Personas con discapacidad  
650 0 |9 878570  |a Accesibilidad universal   |x Herramientas tecnológicas   |x Personas con discapacidad  
700 |9 884899  |a Quesenbery, Whitney   |e author 
942 |2 ddc  |c BK 
952 |0 0  |1 0  |2 ddc  |4 0  |6 005_438000000000000_HOR_2013  |7 0  |8 A  |9 591932  |a BIBARQ  |b BIBARQ  |c GEN  |d 2023-10-12  |e 1  |g 51740.00  |i 5659045  |o 005.438 HOR 2013  |p 5659045  |r 2025-01-20  |t 1  |v 51740.00  |w 2023-10-12  |y BK  |k ARQ